00469nam a2200169Ia 4500008004100000041000800041082002700049100002600076245006900102250001200171260003700183300000800220365001600228710002600244906001000270999001900280230312s9999 xx 000 0 und d aeng a428.0076b428.0076 HAM aHamp-Lyons L.9174322 aStudy Writing:bA Course In Writing Skills For Academic Purposes a2nd Ed. c2008bCambridge University Press a213 cRs.b210.00 aHamp-Lyons L.9174323 b157.5 c133977d133977